| 000 | 01105pam a2200277 a 4500 | ||
|---|---|---|---|
| 999 |
_c330295 _d330295 |
||
| 001 | 1493993 | ||
| 003 | NUST | ||
| 005 | 20170616121816.0 | ||
| 008 | 880915s1989 nyu bf 000 0 eng | ||
| 010 | _a 88030094 | ||
| 020 |
_a089116068X : _c$30.00 |
||
| 040 |
_aDLC _cDLC _dDLC |
||
| 050 | 0 | 0 |
_aTD1050.S24 _bM36 1989 |
| 082 | 0 | 0 |
_a604.7 UNT _219 |
| 245 | 0 | 0 |
_aManual for preventing spills of hazardous substances at fixed facilities / _cWalter Unterberg ... [et al.] ; project officer, Leo T. McCarthy, Jr. |
| 260 |
_aNew York : _bHemisphere Pub. Corp. _cc1989. |
||
| 300 |
_ax, 113, 75 p. ; _c29 cm. |
||
| 500 | _aSpine title: Preventing spills of hazardous substances. | ||
| 504 | _aBibliography: p. 113. | ||
| 650 | 0 |
_aHazardous substances _xSafety measures _xHandbooks, manuals, etc. _92832 |
|
| 650 | 0 |
_aChemical spills _xSafety measures _xHandbooks, manuals, etc. _92833 |
|
| 700 | 1 |
_aUnterberg, Walter. _92834 |
|
| 700 | 1 |
_aMcCarthy, Leo T. _92835 |
|
| 740 | 0 | _aPreventing spills of hazardous substances. | |
| 906 |
_a7 _bcbc _corignew _d1 _eocip _f19 _gy-gencatlg |
||
| 942 |
_2ddc _cBK _kIESE |
||